The science of God : (Record no. 10297)
[ view plain ]
| 000 -LEADER | |
|---|---|
| fixed length control field | 02566cam a2200349 i 4500 |
| 001 - CONTROL NUMBER | |
| control field | 56018402 |
| 003 - CONTROL NUMBER IDENTIFIER | |
| control field | OCoLC |
| 005 - DATE AND TIME OF LATEST TRANSACTION | |
| control field | 20241126110729.0 |
| 008 - FIXED-LENGTH DATA ELEMENTS--GENERAL INFORMATION | |
| fixed length control field | 040929s2004 miu b 001 0 eng d |
| 010 ## - | |
| -- | 2004303003 |
| 020 ## - INTERNATIONAL STANDARD BOOK NUMBER | |
| International Standard Book Number | 0802828159 |
| 020 ## - INTERNATIONAL STANDARD BOOK NUMBER | |
| International Standard Book Number | 9780802828156 |
| 040 ## - CATALOGING SOURCE | |
| Original cataloging agency | CVN |
| Description conventions | rda |
| Transcribing agency | CVN |
| Modifying agency | DLC |
| -- | PGC |
| -- | BAKER |
| -- | NLGGC |
| -- | MUQ |
| -- | BTCTA |
| -- | YDXCP |
| Language of cataloging | eng |
| 042 ## - | |
| -- | lccopycat |
| 050 00 - | |
| -- | BT75.3 |
| -- | .M34 2004 |
| 082 00 - DEWEY DECIMAL CLASSIFICATION NUMBER | |
| Classification number | 230.015 |
| Edition information | 22 |
| Item number | MCG |
| 100 1# - MAIN ENTRY--PERSONAL NAME | |
| Personal name | McGrath, Alister E., |
| Dates associated with a name | 1953- |
| 9 (RLIN) | 3036 |
| 245 14 - TITLE STATEMENT | |
| Title | The science of God : |
| Remainder of title | an introduction to scientific theology / |
| Statement of responsibility, etc. | Alister E. McGrath |
| 264 #1 - PRODUCTION, PUBLICATION, DISTRIBUTION, MANUFACTURE, AND COPYRIGHT NOTICE | |
| Place of production, publication, distribution, manufacture | Grand Rapids, Mich. : |
| Name of producer, publisher, distributor, manufacturer | William B. Eerdmans Pub., |
| Date of production, publication, distribution, manufacture, or copyright notice | [2004] |
| 264 #4 - PRODUCTION, PUBLICATION, DISTRIBUTION, MANUFACTURE, AND COPYRIGHT NOTICE | |
| Date of production, publication, distribution, manufacture, or copyright notice | ℗♭2004 |
| 300 ## - PHYSICAL DESCRIPTION | |
| Extent | xiv, 271 pages ; |
| Dimensions | 18 cm |
| 336 ## - CONTENT TYPE | |
| Content type term | text |
| Content type code | txt |
| Source | rdacontent |
| 337 ## - MEDIA TYPE | |
| Media type term | unmediated |
| Media type code | n |
| Source | rdamedia |
| 338 ## - CARRIER TYPE | |
| Carrier type term | volume |
| Carrier type code | nc |
| Source | rdacarrier |
| 504 ## - BIBLIOGRAPHY, ETC. NOTE | |
| Bibliography, etc. note | Includes bibliographical references (pages 253-263) and index |
| 505 0# - FORMATTED CONTENTS NOTE | |
| Formatted contents note | Introduction : the background to a scientific theology -- 1. Prolegomena. The legitimacy of a scientific theology -- The approach to be adopted -- 2. Nature. The construction of nature -- The Christian doctrine of creation -- Implications of a Christian doctrine of creation -- The purpose and place of natural theology -- 3. Reality. Rationality and knowledge in theology and the natural sciences -- Natural theology and the trans-traditional rationality of the Christian tradition -- The foundations of realism in the natural sciences -- Critical realism : engaging with a stratified reality --The encounter with reality : the contours of a scientific theology -- 4. Theory. The legitimacy of theory within a scientific theology -- The representation of reality in a scientific theology -- The place of explanation in a scientific theology -- The place of metaphysics in a scientific theology |
| 520 ## - SUMMARY, ETC. | |
| Summary, etc. | This book is a clear, concise guide to Alister McGrath's groundbreaking three-volume work A scientific theology. McGrath himself here summarizes his major project and sketches out its implications for many aspects of Christian doctrine. He then explores all of the major themes of his three-volume work, including the legitimacy of a scientific theology, the purpose and place of natural theology, the foundations of theological realism, the failure of classic foundationalism, the nature of revelation, and the place of metaphysics in theology |
| 600 10 - SUBJECT ADDED ENTRY--PERSONAL NAME | |
| Personal name | McGrath, Alister E., |
| Dates associated with a name | 1953- |
| Title of a work | Scientific theology |
| 9 (RLIN) | 17890 |
| 650 #0 - SUBJECT ADDED ENTRY--TOPICAL TERM | |
| Topical term or geographic name entry element | Theology, Doctrinal |
| 9 (RLIN) | 14 |
| 650 #0 - SUBJECT ADDED ENTRY--TOPICAL TERM | |
| Topical term or geographic name entry element | Natural theology |
| 9 (RLIN) | 1292 |
| 942 ## - ADDED ENTRY ELEMENTS (KOHA) | |
| Source of classification or shelving scheme | Dewey Decimal Classification |
| Koha item type | Books |
| Withdrawn status | Lost status | Source of classification or shelving scheme | Damaged status | Not for loan | Home library | Current Library | Shelving location | Date acquired | Total checkouts | Full call number | Barcode | Date last seen | Copy number | Price effective from | Koha item type |
|---|---|---|---|---|---|---|---|---|---|---|---|---|---|---|---|
| Dewey Decimal Classification | GRACE BIBLE COLLEGE | GRACE BIBLE COLLEGE | Theology | 2024-06-05 | 230.015 MCG | 016118 | 2025-05-01 | c.1 | 2024-06-05 | Books |